Gesto y gestualidad en el arte románico de los reinos hispanos (Record no. 179234)
[ view plain ]
| 000 -LEADER | |
|---|---|
| campo de control de longitud fija | 01263nam a2200325 4500 |
| 001 - NÚMERO DE CONTROL | |
| campo de control | 179234 |
| 003 - IDENTIFICADOR DE NÚMERO DE CONTROL | |
| campo de control | ES-MaACL |
| 005 - FECHA Y HORA DE LA ÚLTIMA TRANSACCIÓN | |
| campo de control | 20230917191650.0 |
| 008 - DATOS DE LONGITUD FIJA--INFORMACIÓN GENERAL | |
| campo de control de longitud fija | 111011s2010 sp ao |||| | spa d |
| 080 ## - NÚMERO DE LA CLASIFICACIÓN DECIMAL UNIVERSAL | |
| Número de la Clasificación Decimal Universal | 7.033.4(460)(043) |
| 080 ## - NÚMERO DE LA CLASIFICACIÓN DECIMAL UNIVERSAL | |
| Número de la Clasificación Decimal Universal | 7.041(460)(043) |
| 100 1# - ENTRADA PRINCIPAL--NOMBRE DE PERSONA | |
| Nombre de persona | Miguélez Cavero, Alicia. |
| 9 (RLIN) | 148224 |
| 245 10 - MENCIÓN DEL TÍTULO | |
| Título | Gesto y gestualidad en el arte románico de los reinos hispanos |
| Resto del título | : lectura y valoración iconográfica / |
| Mención de responsabilidad, etc. | Alicia Miguélez Cavero. |
| 246 33 - FORMA VARIANTE DEL TITULO | |
| Título propio/Titulo breve | Gesto y gestualidad en el arte románico de los reynos [sic] hispanos |
| 250 ## - MENCION DE EDICION | |
| Mención de edición | Ed. no venal. |
| 260 ## - PUBLICACIÓN, DISTRIBUCIÓN, ETC. | |
| Lugar de publicación, distribución, etc. | Madrid : |
| Nombre del editor, distribuidor, etc. | 45s Multimedia, |
| Fecha de publicación, distribución, etc. | 2010. |
| 300 ## - DESCRIPCIÓN FÍSICA | |
| Extensión | 567 p. : |
| Otras características físicas | il., fot. ; |
| Dimensiones | 28 cm. |
| 490 1# - MENCIÓN DE SERIE | |
| Mención de serie | Publicaciones del Círculo Románico |
| 500 ## - NOTA GENERAL | |
| Nota general | Índice. |
| 502 ## - NOTA DE TESIS | |
| Nota de tesis | Tesis--Universidad de León, 2009. |
| 504 ## - NOTA DE BIBLIOGRAFÍA, ETC. | |
| Nota de bibliografía, etc. | Bibliografía: p. 517-567. |
| 586 8# - NOTA DE PREMIOS | |
| Nota de premios | Tesis doctoral ganadora del Certamen 2009, Círculo Románico |
| 650 #7 - PUNTO DE ACCESO ADICIONAL DE MATERIA--TÉRMINO DE MATERIA | |
| Término de materia o nombre geográfico como elemento de entrada | Arte románico- |
| Subdivisión geográfica | España- |
| Subdivisión general | Temas. |
| 9 (RLIN) | 148225 |
| 650 #7 - PUNTO DE ACCESO ADICIONAL DE MATERIA--TÉRMINO DE MATERIA | |
| Término de materia o nombre geográfico como elemento de entrada | Gestos- |
| Subdivisión general | En el arte. |
| 9 (RLIN) | 148226 |
| 650 04 - PUNTO DE ACCESO ADICIONAL DE MATERIA--TÉRMINO DE MATERIA | |
| Término de materia o nombre geográfico como elemento de entrada | Arte románico- |
| Subdivisión general | Iconografía. |
| 9 (RLIN) | 10308 |
| 830 0# - PUNTO DE ACCESO ADICIONAL DE SERIE-TÍTULO UNIFORME | |
| Título uniforme | Publicaciones del Círculo Románico |
| 9 (RLIN) | 224428 |
| 852 ## - LOCALIZACIÓN | |
| Ubicación | ES-MaACL |
| Número de control de estantería | A-11617 |
| itemnumber | 186114 |
| Sublocalización o colección | R.146645 |
| Ubicación en estantería | Depósito 1 |
| Signatura antigua | Olim: N-4622 |
| 942 ## - ELEMENTOS DE ENTRADA SECUNDARIOS (KOHA) | |
| Fuente del sistema de clasificación o colocación | Clasificación decimal universal |
| Tipo de ítem Koha | Libro impreso |
| Estatus retirado | Estado de pérdida | Fuente del sistema de clasificación o colocación | Estado de daño | No para préstamo | Biblioteca de origen | Biblioteca actual | Ubicación en estantería | Fecha de adquisición | Fuente de adquisición | Total de préstamos | Signatura topográfica completa | Código de barras | Visto por última vez | Precio de reemplazo | Tipo de ítem Koha |
|---|---|---|---|---|---|---|---|---|---|---|---|---|---|---|---|
| Clasificación decimal universal | Biblioteca del Ateneo de Madrid | Biblioteca del Ateneo de Madrid | Depósito 1 | 11/10/2011 | Donación | A-11617 | 1188283 | 23/02/2023 | 23/02/2023 | Libro impreso |
